Largest Cities Starting With Each Letters With Exceptions - Statistics

General Stats
  • This quiz has been taken 34 times
    21 since last reset
  • The average score is 29 of 77
Answer Stats
Starting with… Population City % Correct
M 20,410,000 Mumbai
89%
S 27,060,000 Shanghai
84%
I 15,190,000 Istanbul
79%
N 8,323,000 New York City
79%
O 19,170,000 Osaka
79%
C 10,970,000 Chennai
74%
L 14,370,000 Lagos
74%
L 4,016,000 Los Angéles
74%
S 22,040,000 São Paulo
74%
W 8,365,000 Wuhan
74%
H 10,000,000 Hyderabad
68%
K 16,090,000 Karachi
68%
N 9,552,000 Nagoya
68%
R 13,460,000 Rio De Janeiro
68%
X 8,001,000 Xi'an Shanxi
68%
A 8,059,000 Ahmedabad
63%
A 5,281,000 Alexandria
63%
B 5,586,000 Barcelona
63%
G 13,300,000 Guangzhou
63%
H 8,602,000 Ho Chi Minh City
63%
K 14,850,000 Kolkata
63%
L 12,640,000 Lahore
63%
B 12,330,000 Bangalore
58%
J 5,783,000 Johannesburg
58%
T 13,590,000 Tianjin
58%
X 3,720,000 Xiamen
58%
C 9,136,000 Chengdu
53%
C 15,870,000 Chongqing
53%
D 6,702,000 Dar Es Salaam
53%
P 6,629,000 Pune
53%
U 4,369,000 Urumqi
53%
B 6,084,000 Belo Horizonte
47%
Y 5,332,000 Yangon
47%
F 4,073,000 Fortaleza
42%
M 4,967,000 Melbourne
42%
T 6,197,000 Toronto
42%
G 5,179,000 Guadalajara
37%
N 8,847,000 Nanjing
37%
P 4,137,000 Porto Alegré
37%
Q 5,620,000 Qingdao
37%
Z 5,323,000 Zhengzhou
37%
A 5,203,000 Abidjan
32%
D 5,618,000 Dalian
32%
H 7,642,000 Hangzhou
32%
I 3,552,000 Ibadan
32%
J 4,610,000 Jiddah
32%
R 4,078,000 Recifé
32%
M 4,874,000 Monterrey
26%
S 12,360,000 Shenzhen
26%
F 3,686,000 Fuzhou Fujian
21%
O 1,182,000 Omsk
21%
R 2,237,000 Rawalpindi
21%
T 4,182,000 Tel Aviv-Yafo
21%
V 2,581,000 Vancouver
21%
E 1,461,000 Edmonton
16%
J 5,360,000 Ji'nan Shandong
16%
U 1,136,000 Ufa
16%
P 3,195,000 Puebla
11%
W 3,256,000 Wuxi
11%
D 7,408,000 Dongguan
5%
F 7,327,000 Foshan
5%
G 3,317,000 Guiyang
5%
I 3,017,000 Indore
5%
K 4,443,000 Kunming
5%
V 2,190,000 Vadodara
5%
V 2,175,000 Visakhapatnam
5%
Z 2,640,000 Zibo
5%
E 3,894,000 Ekurhuleni
0%
O 1,415,000 Onitsha
0%
Q 1,560,000 Qiqihaer
0%
Q 1,694,000 Quanzhou
0%
U 1,134,000 Uyo
0%
W 3,624,000 Wenzhou
0%
X 4,398,000 Xinbei
0%
Y 1,993,000 Yangzhou
0%
Y 2,527,000 Yantai
0%
Z 2,914,000 Zhongshan
0%
No matching quizzes found
Score Distribution
Percent of People with Each Score
Percentile by Number Answered
Your Score History
You have not taken this quiz since the last reset